| 000 | 01068nam a22003137a 4500 | ||
|---|---|---|---|
| 003 | CHAP | ||
| 005 | 20220329140602.0 | ||
| 008 | 971013s1981 mx a r 00010 spa d | ||
| 010 | _a54323 | ||
| 011 | _a55295 | ||
| 035 | _a59447 | ||
| 040 | _cCHAP | ||
| 090 | _aTesis | ||
| 100 | 0 | 0 |
_aSánchez Zamudio, Joel. _9107938 |
| 245 | 1 | _aBiopsia vaginal en cerdas y su correlación morfológica en útero y ovario | |
| 260 |
_aMéxico, D.F. : _bEl autor, _c1981 |
||
| 300 |
_a41 h. _b: ilus. |
||
| 502 | _aTesis (Médico Veterinario Zootecnista) -- UNAM. Facultad de Medicina Veterinaria y Zootecnia | ||
| 590 |
_aALEPH _b10 _c20130110 _lUCH01 _h1331 |
||
| 590 |
_aBATCH-UPD _b10 _c20130110 _lUCH01 _h0105 |
||
| 590 |
_aBATCH-UPD _b10 _c20130110 _lUCH01 _h0548 |
||
| 590 |
_aBATCH-UPD _b10 _c20130409 _lUCH01 _h2055 |
||
| 590 |
_aBATCH-UPD _b10 _c20130914 _lUCH01 _h1521 |
||
| 590 |
_aCONVERSION _b10 _c20130109 _lUCH01 _h1329 |
||
| 650 | 1 | 4 |
_aGanado porcino _xAnatomía y fisiología. _945332 |
| 901 | _aBK | ||
| 942 | _cTESIS | ||
| 949 |
_bBC _cTES _d-128510 _eTS1 _h18792 _i59447 _si |
||
| 999 |
_c54323 _d54323 |
||